Current medical diagnosis and treatment / (Record no. 8690)

MARC details
000 -LEADER
fixed length control field 00689nam a22002292 4500
001 - CONTROL NUMBER
control field 0000018873
005 - DATE AND TIME OF LATEST TRANSACTION
control field 20151217152137.0
008 - FIXED-LENGTH DATA ELEMENTS--GENERAL INFORMATION
fixed length control field 100811s xx 000 0 eng d
020 ## - INTERNATIONAL STANDARD BOOK NUMBER
International Standard Book Number 8171799833 :
040 ## - CATALOGING SOURCE
Original cataloging agency KABU
Transcribing agency KABU
245 10 - TITLE STATEMENT
Title Current medical diagnosis and treatment /
Statement of responsibility, etc. Un Panda, editor.
250 ## - EDITION STATEMENT
Edition statement 3rd ed.
260 ## - PUBLICATION, DISTRIBUTION, ETC. (IMPRINT)
Place of publication, distribution, etc. New Delhi :
Name of publisher, distributor, etc. Jaypee,
Date of publication, distribution, etc. 2002.
300 ## - PHYSICAL DESCRIPTION
Extent xvi, 1068 p.
650 #0 - SUBJECT ADDED ENTRY--TOPICAL TERM
Topical term or geographic name as entry element Diagnosis.
-- 0000127084
650 #0 - SUBJECT ADDED ENTRY--TOPICAL TERM
Topical term or geographic name as entry element Therapeutics.
-- 0000141614
700 1# - ADDED ENTRY--PERSONAL NAME
Personal name Panda, Un.
-- 0000178315
852 1# - LOCATION
-- p2300 KES
852 1# - LOCATION
-- p2300 KES
908 ## - PUT COMMAND PARAMETER (RLIN)
Put command parameter 100811
950 ## - LOCAL HOLDINGS (RLIN)
-- 1
Holdings
Withdrawn status Lost status Source of classification or shelving scheme Not for loan Home library Current library Date acquired Total Checkouts Total Renewals Full call number Barcode Date last seen Date last checked out Price effective from Koha item type
    Library of Congress Classification   Kabarak, Main Campus Kabarak, Main Campus 17/12/2015 2 1 RC71 .C87 2002 c. 1 24320 19/02/2022 07/02/2022 17/12/2015 General Collection
    Library of Congress Classification   Kabarak, Main Campus Kabarak, Main Campus 17/12/2015 1   RC71 .C87 2002 c. 3 24321 05/05/2022 07/06/2018 17/12/2015 General Collection
    Library of Congress Classification   Kabarak, Main Campus Kabarak, Main Campus 17/12/2015     RC71 .C87 2002 c. 2 33848 17/12/2015   17/12/2015 General Collection
Designed with assistance from East African Informatics Ltd